| 000 | 00705pam a2200241 a 4500 | ||
|---|---|---|---|
| 008 | |||
| 020 | _a9780080967899 (hbk.) | ||
| 049 | _aMAIN | ||
| 090 |
_aTN780 _bEXT |
||
| 245 | 1 | 0 |
_aExtractive metallurgy of copper / _cMark E. Schlesinger ,,, [et al.] |
| 250 | _a5th ed. | ||
| 260 |
_aOxford : _bE;sevier, _c2011. |
||
| 300 |
_axxiv, 455 p. : _bill., maps ; _c22 cm. |
||
| 504 | _aIncludes bibliographical references. | ||
| 500 | _aIncludes index. | ||
| 650 | 0 |
_aCopper _xMetallurgy. |
|
| 700 | 1 | _aSchlesinger, Mark E. | |
| 907 |
_a.b10352375 _b01-12-14 _c01-12-14 |
||
| 003 | |||
| 005 | 20230123122128.0 | ||
| 040 | _cNUST | ||
| 942 |
_cBOOKS _kTN780 _mEXT |
||
| 999 |
_c128279 _d128279 |
||